000 00560nam a2200205Ia 4500
005 20240208092556.0
008 131103s9999 xx 000 0 und d
020 _a9.79E+12
_cRs.695.00
040 _aLoreto College
041 _aEnglish
082 _a370.15
_bMIS
100 _aMishra,R.C.
245 _aEducational Psychology,
_cR.C.Mishra
260 _aNew Delhi
_bA.P.H.Publishing
_c2009
300 _aviii,279p
504 _aIncludes bibliographical references and index
650 _aEducational psychology
850 _aLCLIB
942 _cBK
999 _c36891
_d87370